| 000 | 00497cam a2200193ua 4500 | ||
|---|---|---|---|
| 001 | 6345 | ||
| 005 | 20260515114033.0 | ||
| 008 | 131129n ii |||gr||||Z||||||eng | ||
| 040 | _cMAIN | ||
| 082 | _a658.15 | ||
| 245 |
_aFinancial management _cBy P.V. Kulkarni |
||
| 260 |
_aMumbai: _bHimalaya publishing house, _c2002. |
||
| 300 | _ax,860p. | ||
| 653 | _aCommerce | ||
| 653 | _aFinancial management | ||
| 700 |
_aKulkarni,P.V., _eAuthor., |
||
| 700 | 1 |
_aSatyaprasad,B.G., _eAuthor. |
|
| 942 | _cBK | ||
| 999 |
_c5492 _d5492 |
||